000 00546nam a2200229Ia 4500
005 20250425162357.0
008 250425s9999 xx 000 0 und d
020 _a9789701061138
041 _aspa
082 _a658.155
100 _aBACA URBINA, GABRIEL
245 0 _aFUNDAMENTOS DE INGENIERIA ECONOMICA
250 _a4A ED.
260 _aMEXICO
260 _aMéxico
_bMCGRAW-HILL
_c2007
300 _a593
650 _aDEPRECIACION
650 _aINGENIERIA ECONOMICA
650 _aINVERSIONES
942 _c01
010 _a67250
999 _c227983
_d227983